Návrh energeticky efektívnych opatrení na obnovu kultúrno-spoločenského centra

Salvato in:
Dettagli Bibliografici
Autore principale: Kubiš, Viktor (Autore)
Altri autori: Krajčík, Michal (Relatore della tesi)
Natura: Manoscritto Libro
Lingua:slovacco
Pubblicazione: 2023
Soggetti:
Accesso online:http://is.stuba.sk/zp/portal_zp.pl?podrobnosti=176419
https://opac.crzp.sk/?fn=detailBiblioForm&sid=C0DEB8E07572332BA9260915805F
Tags: Aggiungi Tag
Nessun Tag, puoi essere il primo ad aggiungerne!!

MARC

LEADER 00000ntm a22000003a 4500
001 stuzp93860
003 SK-STU
005 20230919101438.8
007 ta
008 150427s2015----xo-----f-mn---000-0-slo-d
040 |a STU  |b slo 
041 0 |a slo 
100 1 |a Kubiš, Viktor  |u 010290  |4 aut  |U SvF Stavebná fakulta  |T SvF Katedra technických zariadení budov  |X 80934  |U V290  |Y 31  |7 80934 
242 0 1 |a Proposal of energy efficient measures for retrofit of cultural and social center  |y eng 
245 1 0 |a Návrh energeticky efektívnych opatrení na obnovu kultúrno-spoločenského centra 
260 |c 2023 
650 4 |a energeticky efektívne opatrenia  |2 slo 
650 4 |a budova školstva  |2 slo 
650 4 |a kultúrno-spoločenské centrum  |2 slo 
650 4 |a energetická hospodárnosť budov  |2 slo 
650 4 |a energy efficient measures  |2 eng 
650 4 |a cultural and social center  |2 eng 
650 4 |a education building  |2 eng 
650 4 |a energy efficiency of buildings  |2 eng 
700 1 |a Krajčík, Michal  |u 010290  |k Z1  |4 ths  |U SvF Stavebná fakulta  |T SvF Katedra technických zariadení budov  |X 20318  |U V290  |Y 31  |7 A000020318 
856 4 |u http://is.stuba.sk/zp/portal_zp.pl?podrobnosti=176419 
856 4 |u https://opac.crzp.sk/?fn=detailBiblioForm&sid=C0DEB8E07572332BA9260915805F